| 000 | 00893nam a2200265Ia 4500 | ||
|---|---|---|---|
| 003 | OSt | ||
| 005 | 20221005060830.0 | ||
| 006 | a|||||r|||| 00| 0 | ||
| 007 | ta | ||
| 008 | 221004b |||||||| |||| 00| 0 eng d | ||
| 020 |
_a9780415493277 _c6411.19 |
||
| 024 | _a114199 | ||
| 037 |
_b117/2011-12, 25/10/2011, Pioneer Books Distributors _cTextual |
||
| 040 |
_aCRL _cCRL _beng |
||
| 041 |
_2eng _aeng |
||
| 082 | _aX:89A, Q1 | ||
| 100 |
_aBathelt Harald Ed. _9599881 |
||
| 245 | 0 |
_aBeyond territory _b Dynamic geographies of knowledge creation diffusion and innovation |
|
| 260 |
_aLondon _bRoutledge U.K. _c2011 |
||
| 300 |
_axvi,291p. _ccm. |
||
| 650 | _aECONOMICS | ||
| 700 |
_a Feldman Maryann P. _9265342 |
||
| 942 |
_hX:89A, Q1 _cTEXL _2cc |
||
| 999 |
_c967316 _d967316 |
||